[Event "CRO-ch Youth U17 2020"]
[Site "Vinkovci"]
[Date "2020.08.04"]
[Round "9.5"]
[White "Karlusic, Luka"]
[Black "Vucenovic, Damian"]
[Result "0-1"]
[WhiteElo "2169"]
[BlackElo "1959"]
[Annotator "ChessBase"]
[PlyCount "102"]
[EventDate "2020.07.28"]
[EventType "swiss"]
[EventCountry "CRO"]
[SourceTitle "playchess.com"]
[Source "ChessBase"]
[SourceQuality "1"]
[TimeControl "5400+30"]

1. d4 {[%emt 0:00:30]} d5 {[%emt 0:00:30]} 2. c4 {[%emt 0:00:00]} e6 {[%emt 0:00:30]} 3. Nc3 {[%emt 0:00:00]} Nf6 {[%emt 0:00:30]} 4. cxd5 {[%emt 0:00:00]} exd5 {[%emt 0:01:30]} 5. Bg5 {[%emt 0:00:00]} Be7 {[%emt 0:00:30]} 6. e3 {[%emt 0:00:00]} c6 {[%emt 0:01:30]} 7. Qc2 {[%emt 0:00:00]} O-O {[%emt 0:01:30]} 8. Bd3 {[%emt 0:00:30]} Nbd7 {[%emt 0:01:30]} 9. Nge2 {[%emt 0:00:00]} Re8 {[%emt 0:01:30]} 10. O-O {[%emt 0:00:00]} Ne4 {[%emt 0:03:30]} 11. Bf4 {[%emt 0:06:30]} Nxc3 {[%emt 0:08:30]} 12. Nxc3 {[%emt 0:00:30]} Nf6 {[%emt 0:00:30]} 13. Rab1 {[%emt 0:06:30]} Bd6 {[%emt 0:04:30]} 14. Bxd6 {[%emt 0:01:30]} Qxd6 {[%emt 0:01:30]} 15. h3 {[%emt 0:00:30]} Kh8 {[%emt 0:08:30]} 16. b4 {[%emt 0:07:30]} Bd7 {[%emt 0:06:30]} 17. Na4 {[%emt 0:03:30]} b6 {[%emt 0:04:30]} 18. Rfc1 {[%emt 0:07:30]} Ne4 {[%emt 0:04:30]} 19. Nc3 {[%emt 0:07:30]} Nxc3 {[%emt 0:08:30]} 20. Qxc3 {[%emt 0:00:00]} Re6 {[%emt 0:02:30]} 21. Bf5 {[%emt 0:04:00]} Rf6 {[%emt 0:01:30]} 22. Bxd7 {[%emt 0:00:30]} Qxd7 {[%emt 0:00:00]} 23. Rb2 {[%emt 0:07:30]} Re8 {[%emt 0:02:00]} 24. Rbc2 {[%emt 0:01:30]} Rg6 {[%emt 0:02:30]} 25. Kh1 {[%emt 0:05:30]} Re4 {[%emt 0:03:30]} 26. b5 {[%emt 0:14:30]} Rh4 {[%emt 0:07:30]} 27. e4 {[%emt 0:01:30]} Rxe4 {[%emt 0:01:30]} 28. bxc6 {[%emt 0:06:30]} Qc7 {[%emt 0:00:30]} 29. Qb4 {[%emt 0:08:59]} h6 {[%emt 0:02:30]} 30. f3 {[%emt 0:01:42]} Re3 {[%emt 0:00:48]} 31. Qb5 {[%emt 0:03:18]} Rge6 {[%emt 0:02:39]} 32. Kg1 {[%emt 0:01:54]} a6 {[%emt 0:08:18]} 33. Qxa6 {[%emt 0:01:30]} Kh7 {[%emt 0:00:42]} 34. Kf2 {[%emt 0:02:00]} Qf4 {[%emt 0:01:11]} 35. c7 {[%emt 0:01:32]} Qxd4 {[%emt 0:02:44]} 36. Kf1 {[%emt 0:01:01]} Qb4 {[%emt 0:05:34]} 37. Kg1 {[%emt 0:01:22]} Re1+ {[%emt 0:00:33]} 38. Rxe1 {[%emt 0:00:22]} Rxe1+ {[%emt 0:00:25]} 39. Kf2 {[%emt 0:00:32]} Re8 {[%emt 0:01:03]} 40. Kg1 {[%emt 0:01:10]} Re1+ {[%emt 0:00:21]} 41. Kh2 {[%emt 0:00:33]} Qf4+ {[%emt 0:00:47]} 42. g3 {[%emt 0:00:00]} Qe3 {[%emt 0:00:35]} 43. Rg2 {[%emt 0:00:52]} Qc1 {[%emt 0:00:11]} 44. Qd3+ {[%emt 0:00:32]} g6 {[%emt 0:00:13]} 45. g4 {[%emt 0:00:35]} Qxc7+ {[%emt 0:00:44]} 46. Rg3 {[%emt 0:00:01]} Qc1 {[%emt 0:00:36]} 47. Rg2 {[%emt 0:00:36]} Qf4+ {[%emt 0:00:17]} 48. Rg3 {[%emt 0:00:02]} d4 {[%emt 0:00:35]} 49. Kg2 {[%emt 0:00:48]} Qc1 {[%emt 0:00:45]} 50. f4 {[%emt 0:00:30]} Qb2+ {[%emt 0:00:42]} 51. Kf3 {[%emt 0:00:11]} Re3+ {[%emt 0:00:04]} 0-1

[Event "CRO-ch Youth U17 2020"]
[Site "Vinkovci"]
[Date "2020.08.04"]
[Round "9.6"]
[White "Biljesko, Marija"]
[Black "Dejanovic, Tereza"]
[Result "1/2-1/2"]
[WhiteElo "1250"]
[BlackElo "1788"]
[Annotator "NA"]
[PlyCount "20"]
[EventDate "2020.07.28"]
[EventType "swiss"]
[EventCountry "CRO"]
[SourceTitle "playchess.com"]
[Source "ChessBase"]
[SourceQuality "1"]
[TimeControl "5400+30"]

1. d4 {[%emt 0:00:30]} d5 {[%emt 0:00:30]} 2. c4 {[%emt 0:00:00]} e6 {[%emt 0:00:00]} 3. Nc3 {[%emt 0:00:00]} Nf6 {[%emt 0:00:00]} 4. Bf4 {[%emt 0:00:00]} Be7 {[%emt 0:01:30]} 5. e3 {[%emt 0:00:00]} O-O {[%emt 0:00:30]} 6. Nf3 {[%emt 0:01:30]} b6 {[%emt 0:00:00]} 7. Be2 {[%emt 0:01:30]} Bb7 {[%emt 0:00:00]} 8. O-O {[%emt 0:01:30]} Nbd7 {[%emt 0:01:30]} 9. cxd5 {[%emt 0:08:30]} exd5 {[%emt 0:00:30]} 10. Ne5 {[%emt 0:07:30]} c6 {[%emt 0:08:30]} 1/2-1/2

[Event "CRO-ch Youth U17 2020"]
[Site "Vinkovci"]
[Date "2020.08.04"]
[Round "9.7"]
[White "Randic, Petra"]
[Black "Juric, Ester"]
[Result "1/2-1/2"]
[WhiteElo "1794"]
[BlackElo "1663"]
[Annotator "NA"]
[PlyCount "24"]
[EventDate "2020.07.28"]
[EventType "swiss"]
[EventCountry "CRO"]
[SourceTitle "playchess.com"]
[Source "ChessBase"]
[SourceQuality "1"]
[TimeControl "5400+30"]

1. d4 {[%emt 0:00:30]} d5 {[%emt 0:00:30]} 2. c4 {[%emt 0:00:00]} dxc4 {[%emt 0:00:00]} 3. Nc3 {[%emt 0:02:00]} Nf6 {[%emt 0:01:00]} 4. e3 {[%emt 0:01:30]} e6 {[%emt 0:00:30]} 5. Bxc4 {[%emt 0:01:30]} c5 {[%emt 0:00:30]} 6. Nf3 {[%emt 0:01:30]} a6 {[%emt 0:00:30]} 7. a4 {[%emt 0:02:30]} Nc6 {[%emt 0:01:30]} 8. O-O {[%emt 0:02:30]} cxd4 {[%emt 0:03:30]} 9. Nxd4 {[%emt 0:01:30]} Nxd4 {[%emt 0:00:00]} 10. exd4 {[%emt 0:02:30]} Be7 {[%emt 0:01:00]} 11. d5 {[%emt 0:05:30]} exd5 {[%emt 0:00:30]} 12. Nxd5 {[%emt 0:03:30]} Nxd5 {[%emt 0:00:30]} 1/2-1/2

[Event "CRO-ch Youth U17 2020"]
[Site "Vinkovci"]
[Date "2020.08.04"]
[Round "9.8"]
[White "Bevanda, Ema"]
[Black "Raguz, Sima"]
[Result "1-0"]
[WhiteElo "1554"]
[BlackElo "1128"]
[Annotator "NA"]
[PlyCount "37"]
[EventDate "2020.07.28"]
[EventType "swiss"]
[EventCountry "CRO"]
[SourceTitle "playchess.com"]
[Source "ChessBase"]
[SourceQuality "1"]
[TimeControl "5400+30"]

1. d4 {[%emt 0:00:30]} d5 {[%emt 0:00:30]} 2. Bf4 {[%emt 0:00:00]} c5 {[%emt 0:00:30]} 3. e3 {[%emt 0:00:00]} Nc6 {[%emt 0:00:30]} 4. c3 {[%emt 0:00:30]} Bf5 {[%emt 0:00:30]} 5. Nf3 {[%emt 0:01:30]} e6 {[%emt 0:00:30]} 6. Bd3 {[%emt 0:02:30]} Bxd3 {[%emt 0:00:30]} 7. Qxd3 {[%emt 0:01:30]} Nf6 {[%emt 0:01:30]} 8. h3 {[%emt 0:00:30]} Be7 {[%emt 0:00:30]} 9. Nbd2 {[%emt 0:01:30]} cxd4 {[%emt 0:00:30]} 10. exd4 {[%emt 0:00:30]} O-O {[%emt 0:00:00]} 11. O-O {[%emt 0:00:30]} Nh5 {[%emt 0:02:00]} 12. Bh2 {[%emt 0:00:00]} Bd6 {[%emt 0:01:30]} 13. Ne5 {[%emt 0:01:00]} Nxe5 {[%emt 0:00:30]} 14. dxe5 {[%emt 0:00:30]} Bc7 {[%emt 0:00:00]} 15. g4 {[%emt 0:03:30]} Qg5 {[%emt 0:00:00]} 16. f4 {[%emt 0:00:00]} Nxf4 {[%emt 0:03:30]} 17. Bxf4 {[%emt 0:00:00]} Qh4 {[%emt 0:00:00]} 18. Kg2 {[%emt 0:05:30]} f6 {[%emt 0:01:00]} 19. Nf3 {[%emt 0:00:00]} 1-0